000 00606cam a22002053a 4500
001 39527
003 PGUSA
005 20140828083858.0
008 120424s2012||||xxu|||||s|||||000 | eng d
040 _aPGUSA
_beng
042 _adc
100 1 _aMacKenzie, Compton,
_d1883-1972
245 1 4 _aThe Early Life and Adventures of Sylvia Scarlett
_h[electronic resource] /
_cCompton MacKenzie
260 _bProject Gutenberg,
_c2012
506 _aPublic domain in the USA.
516 _aElectronic text
830 0 _aProject Gutenberg
_v39527
856 4 0 _uhttp://www.gutenberg.org/ebooks/39527
942 _cEB
999 _c268780
_d268780